000 00298nam a2200133Ia 4500
100 _aMorris/J.L
942 _cBK
654 _aWelding
245 _aWelding Principles for Engineers
260 _bPrentice Hall of India
_aNewJersey
_c1964
082 _a671.52
300 _a511
546 _aENGLISH
999 _c21441
_d21441